[Event "DEM U16w 2014"]
[Site "Magdeburg GER"]
[Date "2014.06.10"]
[Round "4"]
[White "Kempe, Anne"]
[Black "Schumann, Rabea"]
[Result "0-1"]
[Termination "normal"]
[Board "4"]
[WhiteElo "1805"]
[BlackElo "1680"]
[WhiteClock "00:01:00"]
[BlackClock "00:29:15"]
[PlyCount "68"]
[WhiteFideId "12918083"]
[BlackFideId "12918199"]
[EventCountry "GER"]
[EventRounds "9"]
[EventType "swiss"]
[EventDate "2014.06.07"]

1. e4 c5 2. Nf3 Nc6 3. d4 cxd4 4. Nxd4 g6 5. Nc3 Bg7 6. Be3 Nf6 7. f3 O-O 8.
Bc4 Qb6 9. a3 Ng4 10. fxg4 Bxd4 11. Bxd4 Nxd4 12. Nd5 Qc5 13. Nxe7+ Kg7 14. Qd3
Nxc2+ 15. Qxc2 Qxe7 16. O-O b6 17. Bd5 Rb8 18. Qc3+ Kg8 19. Qg3 Bb7 20. Bxf7+
Kg7 21. Qc3+ Kh6 22. Qd2+ Kg7 23. Qd4+ Kh6 24. Bd5 Bxd5 25. exd5 Qc5 26. Qxc5
bxc5 27. Rxf8 Rxf8 28. Rc1 d6 29. Rc4 Rb8 30. b4 cxb4 31. axb4 Rb5 32. Rd4 Kg5
33. Kf2 Kf6 34. Ke3 Ke5 0-1

[Event "DEM U16w 2014"]
[Site "Magdeburg GER"]
[Date "2014.06.10"]
[Round "4"]
[White "Böhm, Jana"]
[Black "Koch, Elisabeth"]
[Result "1-0"]
[Termination "normal"]
[Board "5"]
[WhiteElo "1773"]
[BlackElo "1731"]
[WhiteClock "00:02:34"]
[BlackClock "00:31:31"]
[PlyCount "113"]
[WhiteFideId "24661589"]
[BlackFideId "24695068"]
[EventCountry "GER"]
[EventRounds "9"]
[EventType "swiss"]
[EventDate "2014.06.07"]

1. e4 e5 2. Nf3 Nc6 3. Bc4 Nf6 4. Ng5 d5 5. exd5 Na5 6. Bb5+ c6 7. dxc6 bxc6 8.
Bd3 h6 9. Ne4 Nd5 10. Ng3 Bc5 11. O-O O-O 12. Bf5 Nc4 13. d3 Nd6 14. Bxc8 Rxc8
15. Nd2 f5 16. Nb3 Bb6 17. c4 f4 18. Ne2 f3 19. gxf3 Rxf3 20. Ng3 Qf6 21. c5
Rf8 22. cxb6 Rxf2 23. Qe1 Rxf1+ 24. Qxf1 Qh4 25. Qe2 Nf4 26. Bxf4 exf4 27. Qe6+
Nf7 28. Ne4 Kh8 29. Qf5 axb6 30. Rf1 Kg8 31. Qxf4 Qd8 32. d4 Qa8 33. Nbd2 Qxa2
34. Nd6 Qd5 35. Nxf7 Qxf7 36. Qxf7+ Rxf7 37. Rxf7 Kxf7 38. Kf2 Ke6 39. Ke3 Kd5
40. b3 g6 41. Nc4 b5 42. Ne5 c5 43. Nxg6 cxd4+ 44. Kd3 Kc5 45. Ne5 Kb4 46. Kc2
h5 47. h4 Ka3 48. Nd3 b4 49. Nf4 Ka2 50. Nxh5 d3+ 51. Kxd3 Kxb3 52. Ng3 Ka2 53.
Ne2 Kb2 54. h5 b3 55. h6 Ka3 56. h7 b2 57. Nc3 1-0

[Event "DEM U16w 2014"]
[Site "Magdeburg GER"]
[Date "2014.06.10"]
[Round "4"]
[White "Brandl, Lea Maria"]
[Black "Kluge, Leyla"]
[Result "1-0"]
[Termination "normal"]
[Board "6"]
[WhiteElo "1775"]
[BlackElo "1702"]
[WhiteClock "00:04:57"]
[BlackClock "00:13:52"]
[PlyCount "147"]
[WhiteFideId "24693049"]
[BlackFideId "12918172"]
[EventCountry "GER"]
[EventRounds "9"]
[EventType "swiss"]
[EventDate "2014.06.07"]

1. d4 g6 2. c4 Nf6 3. Nc3 d5 4. cxd5 Nxd5 5. Bd2 Bg7 6. e4 Nxc3 7. Bxc3 O-O 8.
h3 c5 9. d5 Bxc3+ 10. bxc3 Qa5 11. Qd2 e6 12. c4 Qxd2+ 13. Kxd2 f5 14. e5 b6
15. Ne2 exd5 16. cxd5 Re8 17. f4 Rd8 18. Nc3 Nc6 19. a3 Na5 20. Kc2 Bb7 21. Rd1
a6 22. a4 c4 23. Be2 Rac8 24. Rhe1 Rc5 25. Bf3 b5 26. axb5 axb5 27. e6 b4 28.
e7 Re8 29. d6 Bc8 30. d7 Bxd7 31. Rxd7 bxc3 32. Rd8 Kf7 33. Bd5+ Rxd5 34. Rxd5
Nc6 35. Kxc3 Nxe7 36. Rd7 Kf8 37. Re5 h6 38. g4 h5 39. gxh5 gxh5 40. Kxc4 Rc8+
41. Kd3 Re8 42. Ke3 Ng6 43. Rxe8+ Kxe8 44. Rg7 Ne7 45. Rg5 h4 46. Rh5 Kf7 47.
Rxh4 Kg6 48. Rh8 Nd5+ 49. Kf3 Nf6 50. Ra8 Nh5 51. Ra1 Kf6 52. Rg1 Ng7 53. h4
Nh5 54. Rg5 Ng7 55. h5 Ne6 56. Rg6+ Kf7 57. Kg3 Nf8 58. Rg5 Kf6 59. h6 Nh7 60.
Rg7 Nf8 61. Ra7 Kg6 62. Ra6+ Kf7 63. Kh4 Nh7 64. Ra7+ Kg6 65. Rxh7 Kxh7 66. Kg5
Kg8 67. Kxf5 Kf7 68. h7 Kg7 69. Ke6 Kxh7 70. Kf7 Kh8 71. f5 Kh7 72. f6 Kh8 73.
Ke7 Kg8 74. f7+ 1-0

[Event "DEM U16w 2014"]
[Site "Magdeburg GER"]
[Date "2014.06.10"]
[Round "4"]
[White "Zahn, Alina"]
[Black "Nobis, Anna"]
[Result "1/2-1/2"]
[Termination "normal"]
[Board "7"]
[WhiteElo "1974"]
[BlackElo "1797"]
[WhiteClock "00:02:16"]
[BlackClock "00:04:36"]
[PlyCount "72"]
[WhiteFideId "24696730"]
[BlackFideId "1270302"]
[EventCountry "GER"]
[EventRounds "9"]
[EventType "swiss"]
[EventDate "2014.06.07"]

1. e4 c5 2. Nf3 Nc6 3. d4 cxd4 4. Nxd4 e5 5. Nb5 d6 6. c4 Be7 7. N1c3 a6 8. Na3
f5 9. exf5 Bxf5 10. Nc2 Nf6 11. Ne3 Be6 12. g3 O-O 13. Bg2 Qc8 14. O-O Bh3 15.
Ncd5 Bxg2 16. Kxg2 Bd8 17. b3 Kh8 18. Bb2 Ne4 19. f3 Nc5 20. Qd2 Qd7 21. Rf2
Qf7 22. Raf1 Qg6 23. Rd1 Bg5 24. Qc2 Qxc2 25. Rxc2 Ne6 26. Rf2 Rf7 27. Nc2 Raf8
28. h4 Bd8 29. Rdf1 b5 30. cxb5 axb5 31. Rd2 Ra7 32. a3 Rd7 33. b4 Kg8 34. Rfd1
Rdf7 35. Rf1 Rd7 36. Rfd1 Rdf7 1/2-1/2

[Event "DEM U16w 2014"]
[Site "Magdeburg GER"]
[Date "2014.06.10"]
[Round "4"]
[White "Gaßmann, Linda"]
[Black "Lemke, Berfîn"]
[Result "1-0"]
[Termination "normal"]
[Board "8"]
[WhiteElo "1844"]
[BlackElo "1613"]
[PlyCount "153"]
[WhiteFideId "12900451"]
[BlackFideId "1270578"]
[EventCountry "GER"]
[EventRounds "9"]
[EventType "swiss"]
[EventDate "2014.06.07"]

1. d4 Nf6 2. c4 e6 3. Nc3 Bb4 4. Qc2 O-O 5. a3 Bxc3+ 6. Qxc3 b6 7. Bg5 Bb7 8.
f3 c5 9. e3 d6 10. Bd3 Nbd7 11. Ne2 Qc7 12. O-O d5 13. Rac1 Rac8 14. Qd2 Qd6
15. cxd5 exd5 16. Ng3 cxd4 17. exd4 Rxc1 18. Rxc1 Rc8 19. Re1 Re8 20. Rd1 Nf8
21. Bf4 Qd7 22. Bf5 Qd8 23. Rc1 Ne6 24. Bxe6 Rxe6 25. Nf5 Ne8 26. Qd3 Qd7 27.
Bb8 a6 28. Kf2 h6 29. Bf4 Qd8 30. Ne3 Qd7 31. Ng4 Qd8 32. Ne5 Qe7 33. Qd2 Qd8
34. g4 Qh4+ 35. Bg3 Qd8 36. h4 f6 37. Nd3 Nd6 38. b3 Nb5 39. Nf4 Re8 40. a4 Nc7
41. Qb4 Ne6 42. Nxe6 Rxe6 43. Rc7 Bc8 44. Rc2 Qe8 45. Bd6 b5 46. axb5 axb5 47.
Qc5 Bb7 48. Qc7 Ba8 49. Ra2 Qc6 50. Ra7 Qxc7 51. Rxc7 Rxd6 52. Rc8+ Kf7 53.
Rxa8 Rb6 54. Ra7+ Kf8 55. Rd7 Rb8 56. Rxd5 Ke7 57. Ke3 Ke6 58. Rc5 Kd6 59. Kd3
Kd7 60. Kc3 Re8 61. Rxb5 Re3+ 62. Kc4 Rxf3 63. Rb7+ Ke6 64. Rxg7 Rh3 65. d5+
Kd6 66. Rg6 Rxh4 67. Rxf6+ Ke7 68. Rf4 Kd6 69. b4 h5 70. Rf6+ Ke7 71. Re6+ Kd7
72. Kc5 Rxg4 73. Rh6 h4 74. b5 Kc7 75. Rh7+ Kd8 76. b6 Rg1 77. Rxh4 1-0

[Event "DEM U16w 2014"]
[Site "Magdeburg GER"]
[Date "2014.06.10"]
[Round "4"]
[White "Bork, Sophie"]
[Black "Weber, Sandra"]
[Result "0-1"]
[Termination "normal"]
[Board "9"]
[WhiteElo "1539"]
[BlackElo "1774"]
[PlyCount "80"]
[WhiteFideId "12905429"]
[BlackFideId "1270049"]
[EventCountry "GER"]
[EventRounds "9"]
[EventType "swiss"]
[EventDate "2014.06.07"]

1. e4 c5 2. c3 d5 3. exd5 Qxd5 4. d4 e6 5. Nf3 Nf6 6. Be3 cxd4 7. cxd4 Bb4+ 8.
Nc3 O-O 9. Bd3 b6 10. O-O Bxc3 11. bxc3 Ba6 12. Bxa6 Nxa6 13. Qd3 Nc5 14. Qc2
Nce4 15. c4 Qa5 16. Ne5 Rac8 17. f3 Nd6 18. Qb3 Nf5 19. Bf2 Rfd8 20. Rfd1 Nd7
21. Nd3 Nb8 22. Nb4 Nc6 23. Nxc6 Rxc6 24. Rac1 Rcd6 25. c5 Rd5 26. g4 Ne7 27.
cxb6 axb6 28. Rc7 R5d7 29. Rdc1 Rxc7 30. Rxc7 Nd5 31. Rc1 Ra8 32. Be1 Qa7 33.
a3 Qe7 34. Bb4 Qf6 35. Rd1 Rc8 36. Bd6 Rc3 37. Qa4 h6 38. Qe8+ Kh7 39. Rf1 Rxf3
40. Rxf3 Qxf3 0-1

[Event "DEM U16w 2014"]
[Site "Magdeburg GER"]
[Date "2014.06.10"]
[Round "4"]
[White "Gatzke, Carolin"]
[Black "Alsheimer, Lea"]
[Result "1/2-1/2"]
[Termination "normal"]
[Board "10"]
[WhiteElo "1726"]
[BlackElo "1663"]
[PlyCount "52"]
[WhiteFideId "12943746"]
[BlackFideId "12918180"]
[EventCountry "GER"]
[EventRounds "9"]
[EventType "swiss"]
[EventDate "2014.06.07"]

1. e4 e6 2. d3 d5 3. Nd2 c5 4. Ngf3 Nc6 5. g3 g6 6. Bg2 Bg7 7. O-O Nge7 8. Re1
O-O 9. e5 Qc7 10. Qe2 g5 11. h3 h6 12. Nb3 Ng6 13. Nxc5 Ngxe5 14. Nxe5 Nd4 15.
Qd1 Qxc5 16. c3 Nf5 17. d4 Qc7 18. h4 f6 19. Ng6 Rd8 20. Bh3 Nxg3 21. Bxe6+
Bxe6 22. Rxe6 Ne4 23. Qg4 Qf7 24. Qf5 Nd6 25. Qxd5 Ne8 26. Qe4 Nd6 1/2-1/2

[Event "DEM U16w 2014"]
[Site "Magdeburg GER"]
[Date "2014.06.10"]
[Round "4"]
[White "Rosmait, Emily"]
[Black "Morio, Estelle"]
[Result "1/2-1/2"]
[Termination "normal"]
[Board "11"]
[WhiteElo "1771"]
[BlackElo "1513"]
[PlyCount "166"]
[WhiteFideId "12937754"]
[BlackFideId "12951951"]
[EventCountry "GER"]
[EventRounds "9"]
[EventType "swiss"]
[EventDate "2014.06.07"]

1. e4 d6 2. d4 Nf6 3. Nc3 Nbd7 4. Nf3 e5 5. Be2 Be7 6. O-O O-O 7. h3 c6 8. a4
a5 9. Be3 Qc7 10. Qd2 Re8 11. Rad1 Nf8 12. Rfe1 Bd7 13. Qc1 Ng6 14. Nd2 Rad8
15. dxe5 dxe5 16. Nc4 Be6 17. Bb6 Rxd1 18. Rxd1 Qb8 19. Qd2 Nf4 20. Bf1 Bb4 21.
f3 h6 22. Kh2 Re7 23. Qd8+ Qxd8 24. Rxd8+ Kh7 25. Nxe5 Nd7 26. Nxd7 Rxd7 27.
Rxd7 Bxd7 28. g3 Ne6 29. Na2 Bc5 30. Bxa5 Nd4 31. Kg2 Nxc2 32. Bd3 Ne3+ 33. Kh2
Kg8 34. Bd2 Be6 35. Nc1 Nc4 36. Bc3 Nb6 37. Bc2 Nd7 38. Nd3 Bb6 39. Kg2 f6 40.
Nf4 Bf7 41. Ne2 Ne5 42. f4 Nc4 43. Kf3 Ne3 44. Bd3 Nd1 45. Nd4 Nxc3 46. bxc3 g6
47. g4 Bc7 48. c4 Bd6 49. Nb3 b6 50. Nd4 Be8 51. Bc2 Bd7 52. Ne2 Kg7 53. Ng3
Be8 54. h4 Bf7 55. Bd3 Bc7 56. Ne2 Be8 57. Nd4 Bd7 58. Bc2 Bb8 59. Bb3 Kf8 60.
Ne2 Kg7 61. Nc1 Bc7 62. Nd3 Kf8 63. e5 fxe5 64. Nxe5 Bxe5 65. fxe5 g5 66. hxg5
hxg5 67. Bc2 Be6 68. Be4 Bxc4 69. Bxc6 Be6 70. Be4 Bd7 71. Bc2 Ke8 72. Bd1 b5
73. axb5 Bxb5 74. Ke4 Bd7 75. Kd5 Ke7 76. Be2 Be6+ 77. Kc5 Bd7 78. Kd4 Be6 79.
Ke3 Bd7 80. Bd1 Be6 81. Kf3 Bxg4+ 82. Kxg4 Ke6 83. Kxg5 Kxe5 1/2-1/2

[Event "DEM U16w 2014"]
[Site "Magdeburg GER"]
[Date "2014.06.10"]
[Round "4"]
[White "Schneider, Sabrina"]
[Black "Merker, Vivien"]
[Result "1/2-1/2"]
[Termination "normal"]
[Board "12"]
[WhiteElo "1630"]
[BlackElo "1221"]
[PlyCount "85"]
[WhiteFideId "12951986"]
[BlackFideId "12927260"]
[EventCountry "GER"]
[EventRounds "9"]
[EventType "swiss"]
[EventDate "2014.06.07"]

1. e4 c5 2. Nf3 Nc6 3. d4 cxd4 4. Nxd4 d6 5. c4 Nf6 6. Nc3 e6 7. Be2 Be7 8. Be3
O-O 9. Qd2 d5 10. Nxc6 bxc6 11. e5 Nd7 12. cxd5 cxd5 13. Bd4 Bb7 14. O-O a6 15.
f4 Bc5 16. Na4 Bxd4+ 17. Qxd4 Rc8 18. Rac1 Qa5 19. b3 Nb8 20. Rfd1 Nc6 21. Qc5
Qb4 22. Qxb4 Nxb4 23. a3 Na2 24. Rc5 Rxc5 25. Nxc5 Nc3 26. Re1 Nxe2+ 27. Rxe2
Bc8 28. Rd2 f6 29. exf6 gxf6 30. Rd4 Rd8 31. Nd3 Kf7 32. Kf2 Rd6 33. Kg3 Kg6
34. b4 Kf5 35. Kf3 e5 36. g4+ Ke6 37. Nc5+ Ke7 38. Rd1 e4+ 39. Kg3 Bd7 40. f5
Bc6 41. Kf4 h6 42. Ke3 Bb5 43. h3 1/2-1/2

[Event "DEM U16w 2014"]
[Site "Magdeburg GER"]
[Date "2014.06.10"]
[Round "4"]
[White "Silber, Stefanie"]
[Black "Titgemeyer, Eva Maria"]
[Result "1-0"]
[Termination "normal"]
[Board "13"]
[WhiteElo "1404"]
[BlackElo "1496"]
[PlyCount "73"]
[WhiteFideId "12918245"]
[BlackFideId "24655350"]
[EventCountry "GER"]
[EventRounds "9"]
[EventType "swiss"]
[EventDate "2014.06.07"]

1. e4 e5 2. Nf3 Nc6 3. d4 exd4 4. Nxd4 Bc5 5. Be3 Qf6 6. c3 Nge7 7. Bc4 Ne5 8.
Be2 Qg6 9. Bf3 d6 10. h3 O-O 11. Nc2 Bb6 12. Qe2 d5 13. Nd2 c5 14. O-O-O Rd8
15. exd5 Bf5 16. Bh5 Qxg2 17. Nf3 Nxf3 18. Bxf3 Qg6 19. Rhg1 Qd6 20. h4 Ng6 21.
h5 Nf4 22. Qc4 Nd3+ 23. Rxd3 Bxd3 24. Qxd3 Re8 25. Qf5 Bd8 26. Be4 g6 27. Bf4
Qe7 28. f3 Kh8 29. hxg6 fxg6 30. Qg4 Rf8 31. Rh1 Kg8 32. d6 Qf7 33. Bh6 Re8 34.
Ne3 Kh8 35. d7 Re7 36. Bd5 Qf6 37. Bg5 1-0

[Event "DEM U16w 2014"]
[Site "Magdeburg GER"]
[Date "2014.06.10"]
[Round "4"]
[White "Schmid, Katharina"]
[Black "Winterberg, Johanna"]
[Result "0-1"]
[Termination "normal"]
[Board "14"]
[WhiteElo "1413"]
[BlackElo "1369"]
[PlyCount "82"]
[WhiteFideId "12918210"]
[BlackFideId "12929344"]
[EventCountry "GER"]
[EventRounds "9"]
[EventType "swiss"]
[EventDate "2014.06.07"]

1. e4 c5 2. Nf3 Nc6 3. Bb5 d6 4. Bxc6+ bxc6 5. O-O g6 6. d3 Bg7 7. Nc3 Nf6 8.
h3 O-O 9. Be3 Qc7 10. Qd2 Bb7 11. Bh6 d5 12. Bxg7 Kxg7 13. Nh2 Rfd8 14. f3 Rab8
15. e5 Qxe5 16. Rae1 Qd6 17. Rf2 Bc8 18. Nd1 Be6 19. c3 c4 20. Ne3 cxd3 21.
Qxd3 d4 22. Neg4 dxc3 23. Qxc3 Bxa2 24. Ra1 Be6 25. Nxf6 exf6 26. Ng4 Bxg4 27.
fxg4 Qd4 28. Qxd4 Rxd4 29. Rxa7 Rdb4 30. Rc7 Rxb2 31. Rxc6 Rxf2 32. Kxf2 Rb3
33. Rc5 h6 34. h4 Rb7 35. Kf3 Re7 36. h5 Re5 37. Rxe5 fxe5 38. Ke4 gxh5 39.
gxh5 Kf6 40. Kd5 Kf5 41. g3 f6 0-1

[Event "DEM U16w 2014"]
[Site "Magdeburg GER"]
[Date "2014.06.10"]
[Round "4"]
[White "Hartmann, Jasmin"]
[Black "Denk, Corinna"]
[Result "0-1"]
[Termination "normal"]
[Board "15"]
[WhiteElo "1329"]
[BlackElo "1221"]
[PlyCount "60"]
[WhiteFideId "12988898"]
[BlackFideId "12988545"]
[EventCountry "GER"]
[EventRounds "9"]
[EventType "swiss"]
[EventDate "2014.06.07"]

1. e4 e5 2. Nf3 d6 3. Bc4 Be7 4. c3 Bg4 5. d4 Nc6 6. Qb3 Bxf3 7. Bxf7+ Kf8 8.
gxf3 exd4 9. Rg1 Ne5 10. Bh5 Nf6 11. cxd4 Nxh5 12. dxe5 b6 13. e6 Nf6 14. f4
Nxe4 15. Qf3 Nc5 16. Qg4 Bf6 17. Nc3 h5 18. Qg2 Nxe6 19. Nd5 Qe8 20. Nxf6 gxf6
21. f5 Nf4+ 22. Be3 Nxg2+ 23. Rxg2 Rg8 24. Rxg8+ Kxg8 25. O-O-O Qe5 26. Rg1+
Kf7 27. Bh6 Qxf5 28. Rg7+ Ke6 29. Rg3 Qxf2 30. Re3+ Kf7 0-1

[Event "DEM U16w 2014"]
[Site "Magdeburg GER"]
[Date "2014.06.10"]
[Round "5"]
[White "Wiesner, Paula"]
[Black "Bluhm, Sonja Maria"]
[Result "0-1"]
[Termination "normal"]
[Board "1"]
[WhiteElo "1949"]
[BlackElo "2095"]
[WhiteClock "00:09:44"]
[BlackClock "00:00:59"]
[PlyCount "142"]
[WhiteFideId "24654019"]
[BlackFideId "24654027"]
[EventCountry "GER"]
[EventRounds "9"]
[EventType "swiss"]
[EventDate "2014.06.07"]

1. e4 e5 2. Nf3 Nc6 3. Bb5 a6 4. Bxc6 dxc6 5. Nc3 f6 6. d4 exd4 7. Qxd4 Qxd4 8.
Nxd4 Bd7 9. Be3 O-O-O 10. O-O-O Ne7 11. f3 Ng6 12. h4 h5 13. Nf5 Ne5 14. Ne2 g6
15. Nfd4 Bd6 16. c3 c5 17. Nb3 Bb5 18. Ng1 Nc4 19. Bd2 Nxd2 20. Nxd2 Bf4 21.
Nh3 Bg3 22. Nb3 b6 23. Kc2 Be2 24. Rd2 Rxd2+ 25. Kxd2 Bc4 26. Kc2 Rd8 27. Nc1
Bxh4 28. b3 Bf7 29. Ne2 f5 30. e5 Re8 31. f4 Bd5 32. Rg1 Be4+ 33. Kc1 Bd3 34.
g3 Be7 35. Re1 h4 36. Neg1 Bb5 37. Nf3 Rh8 38. Rg1 Be2 39. Nxh4 Bxh4 40. gxh4
Rxh4 41. Ng5 Rxf4 42. Kd2 Rg4 43. Rxg4 Bxg4 44. Ke3 Kd7 45. Kf4 a5 46. Nh7 Ke7
47. Nf6 c6 48. Kg5 Ke6 49. Kxg6 Kxe5 50. Nd7+ Ke4 51. Kg5 Bh3 52. Kh4 Bf1 53.
Nxb6 f4 54. Nd7 f3 55. Nf6+ Kf4 56. Ng4 Ba6 57. Nf2 Bc8 58. Nd1 Bf5 59. Nf2 Ke3
60. Kg3 Kd2 61. Kxf3 Kxc3 62. Nd1+ Kb4 63. Nb2 Bb1 64. Ke3 Bxa2 65. Nd3+ Kxb3
66. Nxc5+ Kb4 67. Nd3+ Kc3 68. Nc5 Kc4 69. Na4 Bb3 70. Nb6+ Kc3 71. Nd7 a4 0-1

[Event "DEM U16w 2014"]
[Site "Magdeburg GER"]
[Date "2014.06.10"]
[Round "5"]
[White "Schumann, Rabea"]
[Black "Schwarz, Larissa"]
[Result "1/2-1/2"]
[Termination "normal"]
[Board "2"]
[WhiteElo "1680"]
[BlackElo "1895"]
[WhiteClock "00:13:25"]
[BlackClock "00:20:23"]
[PlyCount "71"]
[WhiteFideId "12918199"]
[BlackFideId "24699004"]
[EventCountry "GER"]
[EventRounds "9"]
[EventType "swiss"]
[EventDate "2014.06.07"]

1. c4 c5 2. g3 g6 3. Bg2 Bg7 4. e3 Nc6 5. Ne2 e6 6. Nbc3 Nge7 7. O-O O-O 8. d4
cxd4 9. Nxd4 a6 10. Qd2 Qc7 11. b3 b6 12. Ba3 Re8 13. Rac1 Bb7 14. Ne4 Nxd4 15.
exd4 Nf5 16. c5 Bxe4 17. Bxe4 Rac8 18. cxb6 Qxb6 19. Bc5 Qb8 20. d5 d6 21. Ba3
Nd4 22. Bb2 exd5 23. Bxd4 Rxc1 24. Rxc1 dxe4 25. Bxg7 Kxg7 26. Qd4+ Kg8 27. Rc6
Qb5 28. Qxd6 Qe2 29. Qd7 Rf8 30. Rc8 Qxa2 31. Rxf8+ Kxf8 32. Qd8+ Kg7 33. Qd4+
Kg8 34. Qxe4 Qxb3 35. Qa8+ Kg7 36. Qxa6 1/2-1/2

[Event "DEM U16w 2014"]
[Site "Magdeburg GER"]
[Date "2014.06.10"]
[Round "5"]
[White "Fesselier, Melissa"]
[Black "Böhm, Jana"]
[Result "1/2-1/2"]
[Termination "normal"]
[Board "3"]
[WhiteElo "1818"]
[BlackElo "1773"]
[WhiteClock "01:14:49"]
[BlackClock "00:17:16"]
[PlyCount "108"]
[WhiteFideId "20689284"]
[BlackFideId "24661589"]
[EventCountry "GER"]
[EventRounds "9"]
[EventType "swiss"]
[EventDate "2014.06.07"]

1. e4 e6 2. d4 d5 3. Nd2 Nf6 4. e5 Nfd7 5. Bd3 c5 6. c3 Nc6 7. Ne2 cxd4 8. cxd4
f6 9. exf6 Nxf6 10. Nf3 Bd6 11. O-O O-O 12. Nc3 e5 13. dxe5 Nxe5 14. Nxe5 Bxe5
15. h3 Bb8 16. Bg5 Qd6 17. f4 Kh8 18. Kh1 h6 19. Bxf6 Rxf6 20. Qh5 Be6 21. Nb5
Qd7 22. Nd4 Bf7 23. Qh4 Bc7 24. Nb5 Bb6 25. Rae1 a6 26. Nc3 Bc7 27. Ne2 Re8 28.
Nc3 Rxe1 29. Rxe1 Bxf4 30. Rf1 g5 31. Qe1 Re6 32. Qf2 Re3 33. Qc2 Be6 34. Ne2
Bd6 35. Qd2 Re5 36. Rf6 Qg7 37. Rf1 g4 38. Nd4 gxh3 39. Nxe6 hxg2+ 40. Qxg2
Qxg2+ 41. Kxg2 Rxe6 42. Rf7 b5 43. Rf5 d4 44. Rd5 Be5 45. Rd7 Bd6 46. Ra7 Be7
47. Rd7 Bc5 48. Rc7 Re3 49. Bf5 Bb4 50. Rh7+ Kg8 51. Rxh6 d3 52. Rxa6 d2 53.
Bg4 Re4 54. Bd1 Re1 1/2-1/2

[Event "DEM U16w 2014"]
[Site "Magdeburg GER"]
[Date "2014.06.10"]
[Round "5"]
[White "Weber, Sandra"]
[Black "Heinemann, Josefine"]
[Result "1/2-1/2"]
[Termination "normal"]
[Board "4"]
[WhiteElo "1774"]
[BlackElo "2024"]
[WhiteClock "00:29:51"]
[BlackClock "00:29:46"]
[PlyCount "58"]
[WhiteFideId "1270049"]
[BlackFideId "12900460"]
[EventCountry "GER"]
[EventRounds "9"]
[EventType "swiss"]
[EventDate "2014.06.07"]

1. e4 c5 2. Nf3 d6 3. d4 cxd4 4. Nxd4 Nf6 5. Nc3 a6 6. Be2 e6 7. O-O Nbd7 8. a4
b6 9. f4 Bb7 10. Bf3 Rc8 11. Kh1 Be7 12. Qe1 Qc7 13. Qg3 O-O 14. Be3 Qb8 15. e5
Ne8 16. Rae1 Bxf3 17. Nxf3 Rc4 18. Bd4 dxe5 19. fxe5 Bc5 20. Be3 Bxe3 21. Rxe3
b5 22. axb5 axb5 23. Re4 Rxe4 24. Nxe4 f6 25. Qh3 Nc7 26. exf6 gxf6 27. Nd4 Qb6
28. c3 Rf7 29. Qh4 f5 1/2-1/2

[Event "DEM U16w 2014"]
[Site "Magdeburg GER"]
[Date "2014.06.10"]
[Round "5"]
[White "Manusina, Nicole"]
[Black "Gaßmann, Linda"]
[Result "1/2-1/2"]
[Termination "normal"]
[Board "5"]
[WhiteElo "1871"]
[BlackElo "1844"]
[WhiteClock "00:13:03"]
[BlackClock "00:14:57"]
[PlyCount "78"]
[WhiteFideId "24657514"]
[BlackFideId "12900451"]
[EventCountry "GER"]
[EventRounds "9"]
[EventType "swiss"]
[EventDate "2014.06.07"]

1. d4 Nf6 2. c4 g6 3. Nc3 Bg7 4. e4 d6 5. f4 O-O 6. Nf3 c5 7. d5 e6 8. Be2 exd5
9. exd5 Re8 10. O-O Na6 11. a3 Bd7 12. Bd3 Nc7 13. f5 Ng4 14. fxg6 fxg6 15. Bg5
Bf6 16. Bxf6 Nxf6 17. Qc2 Qe7 18. Rae1 Qg7 19. h3 Rxe1 20. Rxe1 Re8 21. Rf1 Nh5
22. Ne4 Qe7 23. Qd2 b5 24. b3 bxc4 25. bxc4 Bf5 26. Re1 Bxe4 27. Rxe4 Qd7 28.
Ng5 Rxe4 29. Nxe4 Ne8 30. Be2 Nhf6 31. Qf4 Nxe4 32. Qxe4 Nf6 33. Qf3 Qe7 34.
Qd3 Qe5 35. Qf3 Kg7 36. Bf1 Qd4+ 37. Kh2 Qe5+ 38. Kg1 Qd4+ 39. Kh2 Qe5+ 1/2-1/2

[Event "DEM U16w 2014"]
[Site "Magdeburg GER"]
[Date "2014.06.10"]
[Round "5"]
[White "Zahn, Alina"]
[Black "Brandl, Lea Maria"]
[Result "1/2-1/2"]
[Termination "normal"]
[Board "6"]
[WhiteElo "1974"]
[BlackElo "1775"]
[WhiteClock "00:03:14"]
[BlackClock "00:08:00"]
[PlyCount "101"]
[WhiteFideId "24696730"]
[BlackFideId "24693049"]
[EventCountry "GER"]
[EventRounds "9"]
[EventType "swiss"]
[EventDate "2014.06.07"]

1. e4 c5 2. Nf3 d6 3. Bb5+ Bd7 4. c4 Bxb5 5. cxb5 e6 6. O-O Nf6 7. Nc3 Be7 8.
d4 cxd4 9. Nxd4 O-O 10. Be3 Nbd7 11. f3 Rc8 12. Rc1 Nb6 13. b3 Rc7 14. Qd2 Qd7
15. Rc2 Rfc8 16. Rfc1 Qd8 17. Qf2 Nbd7 18. Nde2 Nc5 19. Qf1 Nfd7 20. Rd2 Ne5
21. Rcd1 Qe8 22. Bd4 Ng6 23. Qf2 a6 24. bxa6 bxa6 25. g3 Nd7 26. Na4 Rc6 27.
Nb2 Nf6 28. Nc4 d5 29. Nb6 Rd8 30. exd5 Nxd5 31. Nxd5 Rxd5 32. Kg2 h5 33. Bb2
Rxd2 34. Rxd2 Bc5 35. Qf1 Be3 36. Rd3 Bb6 37. Qd1 Kh7 38. Nd4 Rc7 39. f4 Qa8+
40. Kh3 Qd5 41. Qf3 Qxf3 42. Nxf3 Rc2 43. Rd2 Rxd2 44. Nxd2 Ne7 45. Nc4 Bd8 46.
Kg2 Nc6 47. Kf3 f5 48. Ke3 Bc7 49. a3 g6 50. Kd3 h4 51. Ke3 1/2-1/2

[Event "DEM U16w 2014"]
[Site "Magdeburg GER"]
[Date "2014.06.10"]
[Round "5"]
[White "Nobis, Anna"]
[Black "Kempe, Anne"]
[Result "1/2-1/2"]
[Termination "normal"]
[Board "7"]
[WhiteElo "1797"]
[BlackElo "1805"]
[WhiteClock "00:33:13"]
[BlackClock "00:38:26"]
[PlyCount "63"]
[WhiteFideId "1270302"]
[BlackFideId "12918083"]
[EventCountry "GER"]
[EventRounds "9"]
[EventType "swiss"]
[EventDate "2014.06.07"]

1. e4 c5 2. Nc3 Nc6 3. f4 d6 4. Nf3 g6 5. d3 Bg7 6. g3 e6 7. Bg2 Nge7 8. O-O
O-O 9. Be3 Nd4 10. Bf2 Nxf3+ 11. Qxf3 Rb8 12. Rab1 b5 13. Ne2 Qb6 14. g4 f5 15.
g5 d5 16. Qe3 d4 17. Qg3 Nc6 18. e5 a5 19. b3 Ba6 20. a4 b4 21. h4 Qc7 22. h5
Kf7 23. Bf3 Bb7 24. Kg2 Ne7 25. Rh1 Rh8 26. hxg6+ hxg6 27. Rxh8 Rxh8 28. Rh1
Rxh1 29. Kxh1 Bxf3+ 30. Qxf3 Qc8 31. Ng3 Nd5 32. Kg2 1/2-1/2

[Event "DEM U16w 2014"]
[Site "Magdeburg GER"]
[Date "2014.06.10"]
[Round "5"]
[White "Koch, Elisabeth"]
[Black "Gatzke, Carolin"]
[Result "1-0"]
[Termination "normal"]
[Board "8"]
[WhiteElo "1731"]
[BlackElo "1726"]
[PlyCount "55"]
[WhiteFideId "24695068"]
[BlackFideId "12943746"]
[EventCountry "GER"]
[EventRounds "9"]
[EventType "swiss"]
[EventDate "2014.06.07"]

1. e4 c5 2. Nc3 a6 3. f4 b5 4. Nf3 Bb7 5. d3 e6 6. g3 d5 7. e5 h5 8. Bg2 Nh6 9.
Ng5 Nf5 10. O-O Nc6 11. Ne2 Be7 12. Nf3 Qb6 13. Rf2 Rd8 14. Bh3 g6 15. Bxf5
gxf5 16. d4 Kd7 17. c3 Rdg8 18. Be3 h4 19. Rg2 Rg4 20. gxh4 Bxh4 21. Nxh4 Rhxh4
22. dxc5 Qd8 23. Bf2 Rxg2+ 24. Kxg2 Qg8+ 25. Bg3 Rg4 26. Kf2 Na5 27. a4 Nc4 28.
b3 1-0